Statistics for Geographical Alliteration: Europe

Click here to take the quiz!

General Stats

  • This quiz has been taken 25 times
  • The average score is 7 of 10

Answer Stats

HintLettersAnswer% Correct
Nickname for Great Bell in the Elizabeth TowerBBBig Ben
100%
Luxury car brand based in Goodwood, EnglandRRRolls-Royce
96%
Well-known Berlin Wall crossing point during Cold WarCCCheckpoint Charlie
92%
Largest Scottish loch (by surface area)LLLoch Lomond
88%
Gulf to the west of France, and north of SpainBoBBay of Biscay
88%
Irish county where you can 'Kiss the Blarney Stone'CCCounty Cork
75%
Kentish Cathedral where Thomas Becket was martyredCCCanterbury Cathedral
71%
Russian city and administrative center of Volga districtNNNizhny Novgorod
54%
Sardinian football team in the Serie ACCCagliari Calcio
42%
Stadium currently used by Bayern MunichAAAllianz Arena
38%

Score Distribution

Percentile by Number Answered

Percent of People with Each Score

Your Score History

You have not taken this quiz